000 00377 a2200109 4500
001 ART_7222
005 20260410161623.0
008 260409a
245 1 0 _aLa continuidad de la explotación. La viabilidad de la empresa y la reforma de la Ley de Quiebras "Ley 26.684"
100 1 _aRodríguez, Raquel E.
773 0 _tEnfoques
_g- Nº 9 (sep. 2011)
_wREV416
999 _c11723
_d11723